Railway Transportation Systems: Design, Construction and Operation (Record no. 588817)
[ view plain ]
| 000 -LEADER | |
|---|---|
| fixed length control field | 01247nam a2200193 4500 |
| 003 - CONTROL NUMBER IDENTIFIER | |
| control field | NUST |
| 005 - DATE AND TIME OF LATEST TRANSACTION | |
| control field | 20220316184949.0 |
| 008 - FIXED-LENGTH DATA ELEMENTS--GENERAL INFORMATION | |
| fixed length control field | 220316b ||||| |||| 00| 0 eng d |
| 020 ## - INTERNATIONAL STANDARD BOOK NUMBER | |
| International Standard Book Number | 978-0367027971 |
| 022 ## - INTERNATIONAL STANDARD SERIAL NUMBER | |
| Source | 978-0367027971 |
| 038 ## - RECORD CONTENT LICENSOR | |
| Staff Name | SAIF |
| 082 ## - DEWEY DECIMAL CLASSIFICATION NUMBER | |
| Edition number | 625.1 |
| Classification number | 23 |
| Author Mark | PYR |
| 245 ## - TITLE STATEMENT | |
| Title | Railway Transportation Systems: Design, Construction and Operation |
| Statement of responsibility, etc. | Christos N. Pyrgidis |
| 250 ## - EDITION STATEMENT | |
| Edition statement | 1st Edition |
| 260 ## - PUBLICATION, DISTRIBUTION, ETC. | |
| Place of publication, distribution, etc. | CRC Press |
| Date of publication, distribution, etc. | 2016 |
| 500 ## - GENERAL NOTE | |
| General note | Railway Transportation Systems: Design, Construction and Operation presents a comprehensive overview of railway passenger and freight transport systems, from design through to construction and operation. It covers the range of railway passenger systems, from conventional and high speed inter-urban systems through to suburban, regional and urban ones. Moreover, it thoroughly covers freight railway systems transporting conventional loads, heavy loads and dangerous goods. For each system it provides a definition, a brief overview of its evolution and examples of good practice, the main design, construction and operational characteristics, the preconditions for its selection, and the steps required to check the feasibility of its implementation. |
| 563 ## - BINDING INFORMATION | |
| Binding note | H.B |
| 942 ## - ADDED ENTRY ELEMENTS (KOHA) | |
| Source of classification or shelving scheme | |
| Koha item type | Book |
| Withdrawn status | Lost status | Source of classification or shelving scheme | Damaged status | Not for loan | Permanent Location | Current Location | Date acquired | Full call number | Barcode | Date last seen | Price effective from | Koha item type |
|---|---|---|---|---|---|---|---|---|---|---|---|---|
| School of Civil and Environmental Engineering (SCEE) | School of Civil and Environmental Engineering (SCEE) | 03/16/2022 | 625.1 PYR | NIT-13563 | 03/16/2022 | 03/16/2022 | Book |
